| 000 | 00549nam a2200205Ia 4500 | ||
|---|---|---|---|
| 003 | GCL | ||
| 008 | 140319s9999 xx 000 0 eng d | ||
| 040 |
_aGCL / _cGCL |
||
| 082 | 0 | 4 |
_a305.235 _bA A |
| 100 | 1 | _aADAMS, GERALD R. | |
| 245 | 1 | 0 |
_aADOLESCENT LIFE EXPERIENCES / _cADAMS, GERALD R. |
| 700 | 1 | _aGULLOTTA, TH. P | |
| 700 | 1 | _aADANS, C.M. | |
| 260 |
_a[S.N] : _bBROOKS\ COLE PUBLISHING COMPANY ، _c1994 |
||
| 300 | _a592 P | ||
| 650 | 0 | 4 | _aADOLESCENCE |
| 650 | 0 | 4 | _aUNITED STATES |
| 650 | 0 | 4 | _aADOLESCENT PSYCHOLOGY |
| 942 |
_2ddc _cBK |
||
| 999 |
_c19344 _d19344 |
||